Papaito piernas largas (Registro nro. 2011)

Detalles MARC
000 -LEADER
fixed length control field 01382nam a22001817a 4500
003 - CONTROL NUMBER IDENTIFIER
control field OSt
005 - DATE AND TIME OF LATEST TRANSACTION
control field 20251020165818.0
008 - FIXED-LENGTH DATA ELEMENTS--GENERAL INFORMATION
fixed length control field 251020b |||||||| |||| 00| 0 eng d
020 ## - INTERNATIONAL STANDARD BOOK NUMBER
International Standard Book Number 9789978483329
100 ## - MAIN ENTRY--PERSONAL NAME
Personal name Jean Webster
245 ## - TITLE STATEMENT
Title Papaito piernas largas
260 ## - PUBLICATION, DISTRIBUTION, ETC.
Place of publication, distribution, etc. Quito-Ecuador
Name of publisher, distributor, etc. Velasquez & Velasquez Editores
Date of publication, distribution, etc. 2013
300 ## - PHYSICAL DESCRIPTION
Extent 206
Dimensions 14 cm × 21 cm × 0,50 cm.
520 ## - SUMMARY, ETC.
Summary, etc. La historia sigue a Jerusha “Judy” Abbott, una joven huérfana que ha pasado toda su infancia en un orfanato llamado John Grier Home. Un día, los administradores reciben la visita de un misterioso benefactor que decide pagarle los estudios universitarios a Judy, impresionado por su talento para la escritura.<br/><br/>La única condición es que ella le escriba una carta cada mes, contándole su vida en la universidad, aunque él nunca le responderá ni revelará su identidad. Judy, que solo alcanzó a ver la sombra del hombre cuando se iba (alta y con piernas largas), lo apoda cariñosamente “Papaito Piernas Largas” (Daddy-Long-Legs en inglés).<br/><br/>Durante sus años de estudio, Judy escribe con humor, inocencia y sinceridad sobre sus experiencias, amistades, descubrimientos y emociones. A medida que madura, desarrolla un fuerte sentido de independencia y comienza a escribir novelas.
650 ## - SUBJECT ADDED ENTRY--TOPICAL TERM
Source of heading or term Papaito piernas largas
650 ## - SUBJECT ADDED ENTRY--TOPICAL TERM
Source of heading or term Jugar y aprender
942 ## - ADDED ENTRY ELEMENTS (KOHA)
Source of classification or shelving scheme Dewey Decimal Classification
Koha item type Libros
Suppress in OPAC No
Existencias
Withdrawn status Lost status Source of classification or shelving scheme Damaged status Not for loan Collection Home library Current library Shelving location Date acquired Inventory number Total checkouts Barcode Date last seen Copy number Price effective from Koha item type
    Dewey Decimal Classification     Estantería F Fila 2 Biblioteca Stanford Biblioteca Stanford Biblioteca Abierta 20.10.2025 0441   BIBLIO0441 20.10.2025 1 20.10.2025 Libros
Bienvenido a nuestra Biblioteca